000 00682 a2200181 4500
001 143051
040 _cLeonardo Da Vinci
041 _aPortuguês
_aPortuguês
082 _aAP530 S819f
_bS819f
100 _aSTÁVALE SOBRINHO, Alfredo
_aSILVA, Djalma Nunes da
_aPIQUEIRA, José Roberto Castilho
_aANDRADE, Luís Ricardo Arruda de
_aCARRILHO, Ronaldo
245 _aFísica
_bcaderno de exercício - ensino médio
250 _aLE
260 _bAnglo
_c2004
_aSão Paulo
300 _a57
362 _a20040000
697 _aFísica
_aInércia
_aDinâmica
_aMovimento retilíneo
_aMovimento circular
_aAção
_aReação
_aTrabalho
_aEnergia
_aImpulso
_aEstática
_aHidrostática
942 _cBK
999 _c143051
_d143051